000 00534nam a2200181Ia 4500
001 57109
008 130926n1999 ii |||gr||||Z||||||465
020 _a0-521-62924-1
082 _a193
245 0 _aThe Cambridge Companion to Schopenhauer
_cChristopher Janaway (Editor)
_hTextual Documents
250 _aIst ed.
260 _aLondon
_bCambridge University Press
_c1999
300 _a478pg:
_c23cm.
653 _aPhilosophy- Schopenhauer
653 _aMS- Philosophy
700 _aJanaway , Christopher,
_eEditor.
942 _2ddc
_cBK
999 _c57024
_d57024